Wireless and mobile device security / (Record no. 218168)
[ view plain ]
| 000 -LEADER | |
|---|---|
| fixed length control field | 01039 a2200253 4500 |
| 003 - CONTROL NUMBER IDENTIFIER | |
| control field | Nust |
| 005 - DATE AND TIME OF LATEST TRANSACTION | |
| control field | 20230818092924.0 |
| 010 ## - LIBRARY OF CONGRESS CONTROL NUMBER | |
| LC control number | 2015297024 |
| 020 ## - INTERNATIONAL STANDARD BOOK NUMBER | |
| Terms of availability | 1284059278 (pbk.) |
| 035 ## - SYSTEM CONTROL NUMBER | |
| System control number | (OCoLC)ocn900621016 |
| 040 ## - CATALOGING SOURCE | |
| Transcribing agency | Nust |
| 082 04 - DEWEY DECIMAL CLASSIFICATION NUMBER | |
| Classification number | 005.8,DOH |
| 100 1# - MAIN ENTRY--PERSONAL NAME | |
| Personal name | Doherty, Jim, |
| 9 (RLIN) | 58318 |
| 245 10 - TITLE STATEMENT | |
| Title | Wireless and mobile device security / |
| Statement of responsibility, etc. | Jim Doherty. |
| 300 ## - PHYSICAL DESCRIPTION | |
| Extent | xx, 392 pages : |
| Other physical details | illustrations ; |
| Dimensions | 24 cm. |
| 490 1# - SERIES STATEMENT | |
| Series statement | Jones & Bartlett Learning information systems security & assurance series |
| 505 ## - FORMATTED CONTENTS NOTE | |
| Formatted contents note | Part 1: Introduction to Wireless and Mobile Networks (Page-3), Part 2: WLAN Security (Page-97), Part 3: Mobile Security (Page-243). |
| 650 #0 - SUBJECT ADDED ENTRY--TOPICAL TERM | |
| Topical term or geographic name entry element | Mobile communication systems |
| General subdivision | Security measures. |
| 9 (RLIN) | 95179 |
| 650 #0 - SUBJECT ADDED ENTRY--TOPICAL TERM | |
| Topical term or geographic name entry element | Mobile computing |
| General subdivision | Security measures. |
| 9 (RLIN) | 18675 |
| 650 #0 - SUBJECT ADDED ENTRY--TOPICAL TERM | |
| Topical term or geographic name entry element | Wireless communication systems |
| General subdivision | Security measures. |
| 9 (RLIN) | 95061 |
| 650 #0 - SUBJECT ADDED ENTRY--TOPICAL TERM | |
| Topical term or geographic name entry element | Wireless LANs |
| General subdivision | Security measures. |
| 9 (RLIN) | 95062 |
| 830 #0 - SERIES ADDED ENTRY--UNIFORM TITLE | |
| Uniform title | Jones & Bartlett Learning information systems security & assurance series. |
| 9 (RLIN) | 95180 |
| 942 ## - ADDED ENTRY ELEMENTS (KOHA) | |
| Source of classification or shelving scheme | |
| Koha item type | Reference |
| Withdrawn status | Lost status | Source of classification or shelving scheme | Damaged status | Not for loan | Permanent Location | Current Location | Shelving location | Date acquired | Total Checkouts | Full call number | Barcode | Checked out | Date last seen | Date last checked out | Price effective from | Koha item type | Public note |
|---|---|---|---|---|---|---|---|---|---|---|---|---|---|---|---|---|---|
| Military College of Signals (MCS) | Military College of Signals (MCS) | Reference | 12/12/2016 | 1 | 005.8,DOH | MCS37439 | 07/20/2025 | 03/22/2025 | 03/22/2025 | 12/12/2016 | Book | Almirah No.18, Shelf No.3 |
